书目信息 |
| 题名: |
数字图像处理
|
|
| 作者: | 卡斯尔曼 , Castleman 著 ;朱志刚 译 | |
| 分册: | ||
| 出版信息: | 北京 电子工业出版社 2002 |
|
| 页数: | 546页 | |
| 开本: | 26cm | |
| 丛书名: | 国外计算机科学教材系列 | |
| 单 册: | ||
| 中图分类: | TN911.73-43 , TP391.4-43 | |
| 科图分类: | 73.812 , 73.995 | |
| 主题词: | 数字图象处理--教材 , 数字图象处理 | |
| 电子资源: | ||
| ISBN: | 7-5053-7484-2 | |
| 000 | 01439nam0 2200421 450 | |
| 000 | 01458nam0 2200421 450 | |
| 000 | 01421nam0 2200409 450 | |
| 000 | 01378nam0 2200397 450 | |
| 000 | 01367nam0 2200397 450 | |
| 000 | 01330nam0 2200385 45 | |
| 001 | 012003016469 | |
| 005 | 20051214162328.48 | |
| 010 | @a7-5053-7484-2@dCNY56.00 | |
| 100 | @a20020616d2002 em y1chiy0121 ea | |
| 101 | 1 | @achi@ceng |
| 102 | @aCN@b110000 | |
| 105 | @af j 000yy | |
| 200 | 1 | @a数字图像处理@Ashu zi tu xiang chu li@dDigital image processing@f(美)[K. R. 卡斯尔曼]Kenneth R. Castleman著@g朱志刚等译@zeng |
| 210 | @a北京@c电子工业出版社@d2002 | |
| 215 | @a546页@c图@d26cm | |
| 225 | 2 | @a国外计算机科学教材系列 |
| 300 | @a新版 | |
| 304 | @a本书译者为:朱志刚、林学訚、石定机等 | |
| 305 | @a由Person教育集团所属的Prentice-Hall, Inc.授权出版 | |
| 330 | @a本书着重阐述了数字图像处理的基本概念和实用技术,以帮助读者使用这些技术解决数字图像处理过程中所遇到的各种问题。 | |
| 461 | 0 | @12001 @a国外计算机科学教材系列 |
| 510 | 1 | @aDigital image processing@zeng |
| 606 | 0 | @a数字图象处理@j教材 |
| 606 | 0 | @a数字图象处理 |
| 690 | @aTN911.73-43@v4 | |
| 690 | @aTP391.4-43@v4 | |
| 692 | @a73.812@v3 | |
| 692 | @a73.995@v3 | |
| 701 | 1 | @a卡斯尔曼@Aka si er man@bK. R.@4著 |
| 701 | 1 | @aCastleman@bKenneth R.@4著 |
| 702 | 0 | @a朱志刚@Azhu zhi gang@4译 |
| 801 | 0 | @aCN@bSRXX@c20051214 |
| 905 | @a10447@dTP391.4-43@eK091 | |
| 数字图像处理=Digital image processing/(美)[K. R. 卡斯尔曼]Kenneth R. Castleman著/朱志刚等译.-北京:电子工业出版社,2002 |
| 546页:图;26cm.-(国外计算机科学教材系列) |
| 新版 |
| ISBN 7-5053-7484-2:CNY56.00 |
| 本书着重阐述了数字图像处理的基本概念和实用技术,以帮助读者使用这些技术解决数字图像处理过程中所遇到的各种问题。 |
| ● |
| 相关链接 |
|
|
|
正题名:数字图像处理
索取号:TP391.4-43/K091
 
预约/预借
| 序号 | 登录号 | 条形码 | 馆藏地/架位号 | 状态 | 备注 |
| 1 | 547305 | 205473058 | 自科库301/301自科库 135排1列6层/ [索取号:TP391.4-43/K091] | 在馆 | |
| 2 | 547306 | 205473067 | 自科库301/301自科库 65排5列2层/ [索取号:TP391.4-43/K091] | 在馆 | |
| 3 | 547307 | 205473076 | 自科库301/301自科库 65排5列2层/ [索取号:TP391.4-43/K091] | 在馆 |